Geography Quiz

Random Geography or State Quiz

What's Missing? (USA) Quiz Stats

 Plays Quiz Updated Dec 21, 2018

Support Sporcle.
Go Orange.
Score 0/19 Timer 07:00
0 Plays Today
Answers Omitted Answer % Correct
Idaho, Illinois, IndianaIowa
94.8%
Texas, New YorkCalifornia
94%
Maryland, North Carolina, Kentucky, TennesseeWest Virginia
81.3%
Vermont, New Hampshire, New YorkMaine
70.6%
Rhode Island, Delaware, Connecticut, New Jersey, VermontNew Hampshire
67.9%
New York, New Hampshire, Massachusetts, New Jersey, Pennsylvania, ConnecticutRhode Island (Brown)
64%
Michigan, Indiana, Alabama, Florida, TennesseeKentucky
59.2%
Alaska, Texas, California, Montana, New Mexico, Arizona, ColoradoNevada
53.8%
Eisenhower, Nixon, Reagan, Bush, Bush, TrumpGerald Ford
49.7%
Kentucky, Maryland, New Jersey, New York, WyomingPennsylvania
48.8%
Answers Omitted Answer % Correct
Kennedy, Lincoln, McKinleyJames A. Garfield
46.6%
Harrisburg, Hartford, HelenaHonolulu
46.3%
Hawaii, Alaska, New Mexico, OklahomaArizona
45.9%
Hawaii, Rhode Island, MichiganWisconsin
39.6%
Kentucky, Pennsylvania, VirginiaMassachusetts
33.5%
Wyoming, Vermont, North Dakota, Alaska, South Dakota, MontanaDelaware
30.3%
Madison, Monroe, Polk, Garfield, CarterJames Buchanan
29.4%
Alabama, Alaska, Colorado, Illinois, Mississippi, New Jersey, Tennessee, Virginia, West VirginiaArkansas
20.4%
Massachusetts, New York, Ohio, Texas, VirginiaTennessee
17.5%

You're not logged in!

Compare scores with friends on all Sporcle quizzes.
OR
Log In
Forgot?

From the Vault

Did They Go to Jail?

by dolebanana

We always just thought a mugshot was a requirement to make the 50 Most Beautiful People list.
Remove Ads.
Support Sporcle.
Get the best of Sporcle when you Go Orange. This ad-free experience offers more features, more stats, and more fun while also helping to support Sporcle. Thank you for becoming a member.

Show Comments

Extras

Top Quizzes Today


Score Distribution

Your Account Isn't Verified!

In order to create a playlist on Sporcle, you need to verify the email address you used during registration. Go to your Sporcle Settings to finish the process.

Report this User

Report this user for behavior that violates our Community Guidelines.

Details: